Discographie de Nono La Grinta - Statistiques

Statistiques générales
  • Ce quiz a été pris 53 fois
  • Le résultat moyen est 20 sur 46
Statistiques - réponses
Hint Réponse % Correct
RESTART Paris
91%
Single Love You
85%
LA QUOIII ? La Mano 1.9 La QUOI ?
73%
Single Restaurant
73%
Single Terrain
73%
Collab La Hasba22, La Mano 1.9 Stephanie
67%
RESTART Restart
61%
La Griiint 7AM
55%
RESTART Barbie et Ken
55%
RESTART J'tavais dis
55%
75022 Kim K
55%
Collab La Hasba22 22%
52%
75022 75022
52%
Collab Free-B Audrey Kelly
52%
LA QUOIII ? Délit
52%
Collab Sponge Productions Freestyle Sponge S2-E1
52%
La Griiint La Grint
52%
LA QUOIII ? Les souris dansent
45%
Collab La Hasba22 Pour l'argent
45%
LA QUOIII ? 3x filtré
42%
La Griiint Cocaïne
42%
RESTART Hollande
42%
RESTART Intro
42%
Single 6AM
39%
RESTART Outro
39%
RESTART Dis-moi
36%
LA QUOIII ? J'aime
36%
La Griiint Like Like
36%
Collab Booska-P 11+11
33%
La Griiint 2x
33%
LA QUOIII ? La vie ça va trop vite
33%
La Griiint Mi Amor
33%
75022 On va les faire
33%
RESTART Benef
30%
LA QUOIII ? Dans le bat
30%
Collab 63OG croissant
27%
LA QUOIII ? J'envoie
27%
Collab GP Explorer, Kekra No feeling
27%
LA QUOIII ? T'étais pas là
27%
La Griiint Accès
24%
Collab 163Margs Back 2 Dos
24%
Collab MILES MD EDL
21%
Collab Clyy J'y repense
21%
75022 NJK Sans faire exprès
21%
Single Kelly
12%
Single Pilon
12%
Aucun quiz correspondant
Distribution des résultats
% des personnes avec chaque résultat
Percentile par nombre de réponses
Votre historique - résultats
Vous n’avez pas pris ce quiz